000 01173 a2200205 4500
003 Nust
005 20170207152908.0
010 _a 73012705
020 _a0136110959
040 _cNust
082 0 0 _a621.3192
100 1 _aVan Valkenburg, M. E.
245 1 0 _aNetwork analysis
_c[by] M. E. Van Valkenburg.
250 _a3rd ed.
260 _aEnglewood Cliffs, N.J.,
_bPrentice-Hall
_c[1974]
300 _axv, 571 p.
_billus.
_c25 cm.
505 _aDevelopment of the Circuit Concept (Page-1) Conventions for Describing Networks (Page-34) Network Equations (Page-50) First-order Differential Equations (Page-99) Initial Conditions in Networks (Page-118) Differential Equations Continued (Page-139) The Laplace Transformation (Page-170) Transforms of Other Signal Waveforms (Page-202) Impedance Functions and Network Theorems (Page-242) Network Functions Poles and Zeros (Page-279) Two-Port Parameters (Page-325) Sinusoidal Steady State Analysis (Page-351) Frequency Response Plots (Page-)372 Input Power Transfer and Insertions Loss (Page-419) Fourier Integral and Continuous Spectra (Page-490)
538 _aAlmirah No.31 Shelf No.6
650 0 _aElectric network analysis.
942 _2ddc
_cBK
999 _c177972
_d177972